Toward the year 2000 : work in progress : [deliberations of the American Academy of Arts and Sciences Commission on the Year 2000] /
Saved in:
| Corporate Author: | |
|---|---|
| Other Authors: | |
| Format: | Book |
| Language: | English |
| Published: |
Cambridge, Ma. :
American Academy of Arts and Sciences,
1967
|
| Series: | Daedalus (Boston, Mass.) ;
v. 96, no. 3. |
| Subjects: | |
| Tags: |
Add Tag
No Tags, Be the first to tag this record!
|
| LEADER | 00960cam a2200253I 4500 | ||
|---|---|---|---|
| 001 | 000683065-X | ||
| 005 | 20110215113301.0 | ||
| 008 | 740524s1967 mau 00000 eng d | ||
| 010 | |a 12030299 | ||
| 035 | 0 | |a ocm00895526 | |
| 040 | |c STU | ||
| 090 | |a E169.1 |b .A48 1967 | ||
| 110 | 2 | |a American Academy of Arts and Sciences. |b Commission on the Year 2000. | |
| 245 | 1 | 0 | |a Toward the year 2000 : |b work in progress : [deliberations of the American Academy of Arts and Sciences Commission on the Year 2000] / |c Daniel Bell ... [et al.] |
| 260 | 0 | |a Cambridge, Ma. : |b American Academy of Arts and Sciences, |c 1967 | |
| 300 | |a vi, 639-1002 p. |c 23 cm. | ||
| 490 | 1 | |a Daedalus ; |v vol. 96, no. 3 | |
| 500 | |a Daedalus, v. 1967, Summer issue. | ||
| 650 | 0 | |a Twenty-first century |x Forecasts. | |
| 651 | 0 | |a United States |x History |x Prophecies. | |
| 700 | 1 | |a Bell, Daniel, |d 1919-2011. | |
| 830 | 0 | |a Daedalus (Boston, Mass.) ; |v v. 96, no. 3. | |
| 988 | |a 20020608 | ||
| 906 | |0 MH | ||


